00394nam a22001577a 450000500170000000800410001702000080005804000190006604100120008508200190009724500400011630000100015665000350016670000250020185000100022620160113142358.0160113b xxu||||| |||| 00| 0 eng d c200 aLoreto College aBengali a790.2bDUT-SAH aUttpal Duttab:ek samogrik abolokon a632p. aRecreational & performing arts 4ed.aSaha, Nripendra aLCLIB